The nightmare of disbelief

Bibliographic Details
Main Author: Harun Yahya
Format: Book
Published: New Delhi : Goodword Books , 2002
Subjects:

MARC

LEADER 00000cam a2200000 7i4500
001 0000027428
005 20090903.0
008 090903
020 |a 8187570881 
090 0 0 |a 297.56   |b HAR 
100 1 |a Harun Yahya 
245 1 4 |a The nightmare of disbelief   |c Harun Yahya 
260 |a New Delhi :   |b Goodword Books ,   |c 2002 
650 0 |a Islamic ethics 
999 |a 0001058695   |b Book   |c Adult Collection   |e Perbadanan Perpustakaan Awam Johor 
999 |a 0001058696   |b Book   |c Adult Collection   |e Perbadanan Perpustakaan Awam Johor 
999 |a 0001058697   |b Book   |c Adult Collection   |e Perbadanan Perpustakaan Awam Johor 
999 |a 0001058698   |b Book   |c Adult Collection   |e Perbadanan Perpustakaan Awam Johor